000 00477nam a2200145Ia 4500
008 100204s9999 xx 000 0 und d
082 _b3524
100 _aघाटे दिनानाथ ना.
245 _aलालन भरे ललना !
260 _b"दिलिप प्रकाशन , मुंबई"
_c1977
300 _a303
630 _aलालन भरे ललना !
730 _aलालन भरे ललना !
942 _cBOOK
999 _c448448
_d448445